Statistics for World Capitals by Picture - Letter A

Click here to take the quiz!

General Stats

  • This quiz has been taken 89 times
    (48 since last reset)
  • The average score is 8 of 16

Answer Stats

Answer% Correct
Amsterdam
93%
Athens
88%
Abu Dhabi
56%
Abuja
51%
Accra
51%
Addis Ababa
51%
Asuncion
51%
Amman
47%
Andorra la Vella
47%
Ashgabat
47%
Astana
44%
Ankara
40%
Apia
40%
Algiers
35%
Antananarivo
33%
Asmara
30%

Score Distribution

Percentile by Number Answered

Percent of People with Each Score

Your Score History

You have not taken this quiz since the last reset